Culture Générale - Série 1816 - Statistiques

Statistiques générales
  • Ce quiz a été pris 312 fois
  • Le résultat moyen est 6 sur 10
Statistiques - réponses
Question Réponse % Correct
Quelle est la capitale du Maroc ? Rabat
93%
Dans quel pays se situe la ville de Maastricht ? Pays Bas
87%
En quelle année, la Ve République est-elle entrée en vigueur en France ? 1958
79%
Quel légume entre dans la composition du tzatziki ? concombre
78%
De quelle ville française le cannelé est-il une spécialité ? Bordeaux
77%
Après le Nil, quel est le second fleuve le plus long d’Afrique ? Congo
47%
Quel pays a pour capitale Bujumbura ? Burundi
45%
Quelle rivière traverse Strasbourg ? ill
36%
Quel arbre produit la noix de pécan ? pacanier
8%
Quelle ville africaine est surnommée la Ville aux 7 collines ? Yaoundé
5%
Aucun quiz correspondant
Distribution des résultats
% des personnes avec chaque résultat
Percentile par nombre de réponses
Votre historique - résultats
Vous n’avez pas pris ce quiz